Liberal Politics in Indo-Pakistan Subcontinent/ (Record no. 608290)
[ view plain ]
| 000 -LEADER | |
|---|---|
| fixed length control field | 00611nam a22002057a 4500 |
| 003 - CONTROL NUMBER IDENTIFIER | |
| control field | OSt |
| 005 - DATE AND TIME OF LATEST TRANSACTION | |
| control field | 20240227095251.0 |
| 008 - FIXED-LENGTH DATA ELEMENTS--GENERAL INFORMATION | |
| fixed length control field | 180717t xxu||||| |||| 00| 0 eng d |
| 020 ## - INTERNATIONAL STANDARD BOOK NUMBER | |
| International Standard Book Number | 9789699515309 |
| 040 ## - CATALOGING SOURCE | |
| Transcribing agency | 0 |
| 082 ## - DEWEY DECIMAL CLASSIFICATION NUMBER | |
| Classification number | 322.9 |
| Author Mark | AHM |
| 100 10 - MAIN ENTRY--PERSONAL NAME | |
| Personal name | Ahmad Salim |
| 9 (RLIN) | 121377 |
| 245 10 - TITLE STATEMENT | |
| Title | Liberal Politics in Indo-Pakistan Subcontinent/ |
| Statement of responsibility, etc. | Ahmad Salim |
| 260 ## - PUBLICATION, DISTRIBUTION, ETC. | |
| Place of publication, distribution, etc. | Islamabad; |
| Date of publication, distribution, etc. | 2013. |
| 300 ## - PHYSICAL DESCRIPTION | |
| Extent | 94p.; |
| Dimensions | 20 cm. |
| 650 ## - SUBJECT ADDED ENTRY--TOPICAL TERM | |
| Topical term or geographic name entry element | Liberalism |
| General subdivision | History |
| 9 (RLIN) | 121378 |
| 650 ## - SUBJECT ADDED ENTRY--TOPICAL TERM | |
| Topical term or geographic name entry element | Politics |
| General subdivision | History |
| Geographic subdivision | Indo-Pakistan |
| 9 (RLIN) | 121379 |
| 942 ## - ADDED ENTRY ELEMENTS (KOHA) | |
| Source of classification or shelving scheme | |
| Koha item type | Book |
| Institution code [OBSOLETE] | SADA |
| Call number prefix | 322.9 AHM 2013 |
| Withdrawn status | Lost status | Source of classification or shelving scheme | Damaged status | Not for loan | Permanent Location | Current Location | Date acquired | Source of acquisition | Total Checkouts | Full call number | Barcode | Date last seen | Copy number | Price effective from | Koha item type |
|---|---|---|---|---|---|---|---|---|---|---|---|---|---|---|---|
| School of Art Design and Architecture (SADA) | School of Art Design and Architecture (SADA) | 02/13/2018 | Donation | 322.9 AHM 2013 | SADAD0000370 | 02/27/2024 | 01 | 02/27/2024 | Book | ||||||
| School of Art Design and Architecture (SADA) | School of Art Design and Architecture (SADA) | 02/13/2018 | Donation | 322.9 AHM 2013 | SADAD0000371 | 02/27/2024 | 02 | 02/27/2024 | Book |
